[Event "Haarlemse Meesters 2019"]
[Site "Haarlem"]
[Date "2019.10.23"]
[Round "5.2"]
[White "Welling, Gerard"]
[Black "Moucheroud, Jeremy"]
[Result "1/2-1/2"]
[WhiteElo "2302"]
[BlackElo "2294"]
[Annotator "ChessBase"]
[PlyCount "82"]
[EventDate "2019.10.19"]
[EventType "tourn"]
[EventCountry "NED"]
[SourceTitle "playchess.com"]
[Source "ChessBase"]
[SourceQuality "1"]
[TimeControl "40/5400+30:1800+30"]

1. d4 {[%emt 0:00:00]} d5 {[%emt 0:00:00]} 2. Nf3 {[%emt 0:00:00]} Nf6 {[%emt 0:00:00]} 3. e3 {[%emt 0:00:05]} e6 {[%emt 0:00:09]} 4. Bd3 {[%emt 0:00:08]} c5 {[%emt 0:00:24]} 5. c3 {[%emt 0:00:06]} Be7 {[%emt 0:00:16]} 6. O-O {[%emt 0:00:08]} O-O {[%emt 0:00:16]} 7. Nbd2 {[%emt 0:00:07]} b6 {[%emt 0:00:38]} 8. Ne5 {[%emt 0:02:23]} Bb7 {[%emt 0:14:11]} 9. b3 {[%emt 0:02:49]} Nbd7 {[%emt 0:08:47]} 10. f4 {[%emt 0:12:29]} Ne4 {[%emt 0:09:42]} 11. Bb2 {[%emt 0:08:03]} f5 {[%emt 0:18:13]} 12. Ndf3 {[%emt 0:06:04]} Nxe5 {[%emt 0:06:31]} 13. Nxe5 {[%emt 0:00:17]} Bd6 {[%emt 0:10:21]} 14. Qe2 {[%emt 0:14:39]} Qe7 {[%emt 0:03:24]} 15. c4 {[%emt 0:09:40]} Rac8 {[%emt 0:01:48]} 16. Rad1 {[%emt 0:05:18]} Rfd8 {[%emt 0:10:56]} 17. cxd5 {[%emt 0:21:57]} Bxd5 {[%emt 0:00:26]} 18. Nc4 {[%emt 0:01:00]} Bb8 {[%emt 0:03:03]} 19. Bxe4 {[%emt 0:00:48]} Bxe4 {[%emt 0:00:34]} 20. dxc5 {[%emt 0:00:09]} Qxc5 {[%emt 0:00:39]} 21. Rxd8+ {[%emt 0:02:10]} Rxd8 {[%emt 0:00:01]} 22. Rd1 {[%emt 0:00:29]} Rxd1+ {[%emt 0:02:33]} 23. Qxd1 {[%emt 0:00:03]} Qd5 {[%emt 0:04:35]} 24. Qxd5 {[%emt 0:01:52]} Bxd5 {[%emt 0:00:14]} 25. Be5 {[%emt 0:00:36]} Bxe5 {[%emt 0:00:54]} 26. Nxe5 {[%emt 0:00:02]} Kf8 {[%emt 0:00:24]} 27. g4 {[%emt 0:00:44]} Ke7 {[%emt 0:00:46]} 28. g5 {[%emt 0:03:08]} Kd6 {[%emt 0:00:56]} 29. h4 {[%emt 0:00:13]} Be4 {[%emt 0:03:13]} 30. b4 {[%emt 0:02:23]} Kd5 {[%emt 0:00:28]} 31. Kf2 {[%emt 0:00:08]} Bc2 {[%emt 0:00:27]} 32. Ke2 {[%emt 0:00:42]} Ba4 {[%emt 0:00:14]} 33. h5 {[%emt 0:01:00]} Be8 {[%emt 0:00:46]} 34. h6 {[%emt 0:00:32]} gxh6 {[%emt 0:00:17]} 35. gxh6 {[%emt 0:00:08]} Ke4 {[%emt 0:00:21]} 36. Kd2 {[%emt 0:01:04]} Kd5 {[%emt 0:00:32]} 37. a3 {[%emt 0:00:37]} Ke4 {[%emt 0:00:45]} 38. Ke2 {[%emt 0:00:21]} Bh5+ {[%emt 0:00:28]} 39. Kd2 {[%emt 0:00:28]} Be8 {[%emt 0:00:01]} 40. Ke2 {[%emt 0:00:11]} Bh5+ {[%emt 0:00:01]} 41. Kd2 {[%emt 0:30:22]} Be8 {[%emt 0:30:14]} 1/2-1/2

[Event "Haarlemse Meesters 2019"]
[Site "Haarlem"]
[Date "2019.10.23"]
[Round "5.3"]
[White "Gijswijt, Bart"]
[Black "Hainke, Guntram"]
[Result "1/2-1/2"]
[WhiteElo "2387"]
[BlackElo "2365"]
[Annotator "ChessBase"]
[PlyCount "101"]
[EventDate "2019.10.19"]
[EventType "tourn"]
[EventCountry "NED"]
[SourceTitle "playchess.com"]
[Source "ChessBase"]
[SourceQuality "1"]
[TimeControl "40/5400+30:1800+30"]

1. d4 {[%emt 0:00:00]} d5 {[%emt 0:00:00]} 2. c4 {[%emt 0:00:00]} c6 {[%emt 0:00:00]} 3. Nf3 {[%emt 0:00:08]} Nf6 {[%emt 0:00:05]} 4. e3 {[%emt 0:00:16]} Bg4 {[%emt 0:02:16]} 5. h3 {[%emt 0:01:22]} Bh5 {[%emt 0:00:15]} 6. g4 {[%emt 0:01:30]} Bg6 {[%emt 0:00:10]} 7. Ne5 {[%emt 0:00:15]} Bxb1 {[%emt 0:14:58]} 8. Rxb1 {[%emt 0:00:21]} e6 {[%emt 0:00:27]} 9. Qb3 {[%emt 0:21:08]} Qb6 {[%emt 0:03:03]} 10. Qc2 {[%emt 0:12:55]} Bb4+ {[%emt 0:14:49]} 11. Ke2 {[%emt 0:02:02]} Be7 {[%emt 0:03:58]} 12. c5 {[%emt 0:08:57]} Qc7 {[%emt 0:01:07]} 13. Bg2 {[%emt 0:05:30]} Nfd7 {[%emt 0:02:25]} 14. Nd3 {[%emt 0:04:00]} O-O {[%emt 0:12:48]} 15. e4 {[%emt 0:07:59]} dxe4 {[%emt 0:02:22]} 16. Bxe4 {[%emt 0:00:11]} Nf6 {[%emt 0:00:56]} 17. Bf3 {[%emt 0:02:05]} Nd5 {[%emt 0:01:13]} 18. Bxd5 {[%emt 0:08:33]} exd5 {[%emt 0:01:09]} 19. Bf4 {[%emt 0:00:39]} Qc8 {[%emt 0:00:54]} 20. Kf3 {[%emt 0:04:40]} Nd7 {[%emt 0:03:21]} 21. Rhe1 {[%emt 0:00:33]} Re8 {[%emt 0:02:33]} 22. Kg2 {[%emt 0:02:11]} Nf8 {[%emt 0:02:53]} 23. Ne5 {[%emt 0:01:53]} Ne6 {[%emt 0:04:07]} 24. Qf5 {[%emt 0:03:32]} Bf6 {[%emt 0:12:10]} 25. Rbd1 {[%emt 0:03:49]} Nf8 {[%emt 0:05:13]} 26. Qd3 {[%emt 0:01:12]} Ne6 {[%emt 0:01:07]} 27. Qf5 {[%emt 0:00:44]} Nf8 {[%emt 0:01:04]} 28. Qd3 {[%emt 0:00:09]} Ne6 {[%emt 0:01:01]} 29. Bg3 {[%emt 0:01:01]} Bxe5 {[%emt 0:00:52]} 30. Rxe5 {[%emt 0:01:06]} Qd7 {[%emt 0:00:28]} 31. Rde1 {[%emt 0:01:46]} Re7 {[%emt 0:01:43]} 32. Rh5 {[%emt 0:01:29]} g6 {[%emt 0:00:43]} 33. Rhe5 {[%emt 0:00:15]} f6 {[%emt 0:04:23]} 34. R5e3 {[%emt 0:01:43]} Ree8 {[%emt 0:00:03]} 35. Rf3 {[%emt 0:00:41]} Kf7 {[%emt 0:01:07]} 36. Bh4 {[%emt 0:01:20]} Nf4+ {[%emt 0:00:33]} 37. Rxf4 {[%emt 0:00:02]} Rxe1 {[%emt 0:00:06]} 38. Rxf6+ {[%emt 0:00:37]} Kg8 {[%emt 0:00:12]} 39. Qf3 {[%emt 0:01:49]} Rae8 {[%emt 0:00:52]} 40. Rd6 {[%emt 0:00:32]} Qg7 {[%emt 0:00:59]} 41. Bf6 {[%emt 0:01:46]} Qf7 {[%emt 0:00:20]} 42. g5 {[%emt 0:00:59]} R1e4 {[%emt 0:02:29]} 43. Qg3 {[%emt 0:02:06]} Rf8 {[%emt 0:04:11]} 44. h4 {[%emt 0:02:16]} Re6 {[%emt 0:03:24]} 45. Qg4 {[%emt 0:01:30]} Rfe8 {[%emt 0:00:10]} 46. b4 {[%emt 0:03:25]} b6 {[%emt 0:03:47]} 47. Qg3 {[%emt 0:02:40]} bxc5 {[%emt 0:00:52]} 48. bxc5 {[%emt 0:00:27]} Rxd6 {[%emt 0:08:42]} 49. cxd6 {[%emt 0:00:02]} Qd7 {[%emt 0:00:20]} 50. Be7 {[%emt 0:02:02]} Rxe7 {[%emt 0:00:18]} 51. dxe7 {[%emt 0:00:08]} 1/2-1/2

[Event "Haarlemse Meesters 2019"]
[Site "Haarlem"]
[Date "2019.10.23"]
[Round "5.4"]
[White "De Ruiter, Danny"]
[Black "Lahaye, Rick"]
[Result "1-0"]
[WhiteElo "2268"]
[BlackElo "2414"]
[Annotator "ChessBase"]
[PlyCount "111"]
[EventDate "2019.10.19"]
[EventType "tourn"]
[EventCountry "NED"]
[SourceTitle "playchess.com"]
[Source "ChessBase"]
[SourceQuality "1"]
[TimeControl "40/5400+30:1800+30"]

1. d4 {[%emt 0:00:00]} Nf6 {[%emt 0:00:00]} 2. c4 {[%emt 0:00:00]} e6 {[%emt 0:00:00]} 3. Nf3 {[%emt 0:00:00]} b6 {[%emt 0:00:00]} 4. g3 {[%emt 0:00:08]} Bb7 {[%emt 0:00:00]} 5. Bg2 {[%emt 0:00:13]} Be7 {[%emt 0:00:00]} 6. O-O {[%emt 0:00:23]} O-O {[%emt 0:00:00]} 7. Nc3 {[%emt 0:00:23]} Ne4 {[%emt 0:00:06]} 8. Qc2 {[%emt 0:01:23]} f5 {[%emt 0:00:13]} 9. Bd2 {[%emt 0:01:36]} Bf6 {[%emt 0:02:34]} 10. Rad1 {[%emt 0:01:21]} d6 {[%emt 0:18:55]} 11. d5 {[%emt 0:01:43]} Bxc3 {[%emt 0:05:08]} 12. Bxc3 {[%emt 0:00:34]} e5 {[%emt 0:00:41]} 13. Nd2 {[%emt 0:07:03]} Nxc3 {[%emt 0:07:54]} 14. Qxc3 {[%emt 0:00:23]} a5 {[%emt 0:00:20]} 15. f4 {[%emt 0:01:24]} Nd7 {[%emt 0:01:53]} 16. Bh3 {[%emt 0:07:37]} Bc8 {[%emt 0:02:32]} 17. e4 {[%emt 0:04:50]} exf4 {[%emt 0:16:30]} 18. Rxf4 {[%emt 0:07:02]} fxe4 {[%emt 0:00:05]} 19. Be6+ {[%emt 0:00:12]} Kh8 {[%emt 0:00:12]} 20. Rdf1 {[%emt 0:05:35]} Rxf4 {[%emt 0:01:53]} 21. Rxf4 {[%emt 0:01:12]} Ne5 {[%emt 0:00:06]} 22. Bxc8 {[%emt 0:05:32]} Rxc8 {[%emt 0:00:51]} 23. Rxe4 {[%emt 0:00:25]} Qf6 {[%emt 0:21:53]} 24. Kg2 {[%emt 0:06:12]} Qf5 {[%emt 0:06:17]} 25. Qe3 {[%emt 0:05:33]} g5 {[%emt 0:04:27]} 26. Qf2 {[%emt 0:15:09]} Qg6 {[%emt 0:05:57]} 27. Re1 {[%emt 0:00:28]} Kg8 {[%emt 0:01:42]} 28. Rf1 {[%emt 0:05:30]} Re8 {[%emt 0:00:01]} 29. Qf5 {[%emt 0:04:43]} Nd3 {[%emt 0:00:36]} 30. Qxg6+ {[%emt 0:02:47]} hxg6 {[%emt 0:00:01]} 31. Nf3 {[%emt 0:00:07]} g4 {[%emt 0:00:14]} 32. Nd4 {[%emt 0:02:47]} Re4 {[%emt 0:01:11]} 33. Ne6 {[%emt 0:00:40]} Re2+ {[%emt 0:01:48]} 34. Kg1 {[%emt 0:00:11]} Ne5 {[%emt 0:00:13]} 35. Rf8+ {[%emt 0:01:37]} Kh7 {[%emt 0:00:02]} 36. Rf2 {[%emt 0:00:06]} Re1+ {[%emt 0:02:51]} 37. Rf1 {[%emt 0:00:45]} Re2 {[%emt 0:00:50]} 38. Rf2 {[%emt 0:00:00]} Re1+ {[%emt 0:00:18]} 39. Rf1 {[%emt 0:00:02]} Rxf1+ {[%emt 0:00:41]} 40. Kxf1 {[%emt 0:00:02]} Nxc4 {[%emt 0:00:08]} 41. Nxc7 {[%emt 0:34:00]} Nxb2 {[%emt 0:30:16]} 42. Ke2 {[%emt 0:01:12]} Nc4 {[%emt 0:00:00]} 43. Kd3 {[%emt 0:00:00]} Ne5+ {[%emt 0:00:00]} 44. Kc3 {[%emt 0:00:00]} g5 {[%emt 0:00:00]} 45. Ne8 {[%emt 0:00:00]} Kg6 {[%emt 0:00:07]} 46. Nxd6 {[%emt 0:00:00]} Kf6 {[%emt 0:00:19]} 47. Nc4 {[%emt 0:00:00]} b5 {[%emt 0:00:05]} 48. Nxa5 {[%emt 0:00:00]} Nf3 {[%emt 0:00:15]} 49. Nc6 {[%emt 0:00:00]} Nxh2 {[%emt 0:00:35]} 50. Kd4 {[%emt 0:00:00]} Nf1 {[%emt 0:02:05]} 51. Ne5 {[%emt 0:00:00]} Kf5 {[%emt 0:00:58]} 52. d6 {[%emt 0:00:00]} Ke6 {[%emt 0:01:00]} 53. d7 {[%emt 0:00:00]} Ke7 {[%emt 0:00:01]} 54. Kc5 {[%emt 0:00:00]} Nxg3 {[%emt 0:00:34]} 55. Kc6 {[%emt 0:00:00]} Ne2 {[%emt 0:00:19]} 56. Kc7 {[%emt 0:00:00]} 1-0

[Event "Haarlemse Meesters 2019"]
[Site "Haarlem"]
[Date "2019.10.23"]
[Round "5.5"]
[White "Peelen, Piet"]
[Black "Tondivar, Babak"]
[Result "1/2-1/2"]
[WhiteElo "2348"]
[BlackElo "2324"]
[Annotator "ChessBase"]
[PlyCount "86"]
[EventDate "2019.10.19"]
[EventType "tourn"]
[EventCountry "NED"]
[SourceTitle "playchess.com"]
[Source "ChessBase"]
[SourceQuality "1"]
[TimeControl "40/5400+30:1800+30"]

1. Nf3 {[%emt 0:00:00]} Nf6 {[%emt 0:00:00]} 2. c4 {[%emt 0:00:00]} e6 {[%emt 0:00:00]} 3. g3 {[%emt 0:00:00]} d5 {[%emt 0:00:02]} 4. Bg2 {[%emt 0:00:00]} Be7 {[%emt 0:00:16]} 5. d4 {[%emt 0:00:00]} O-O {[%emt 0:00:08]} 6. O-O {[%emt 0:00:03]} dxc4 {[%emt 0:00:12]} 7. Qc2 {[%emt 0:00:12]} a6 {[%emt 0:00:13]} 8. Qxc4 {[%emt 0:00:25]} b5 {[%emt 0:00:15]} 9. Qc2 {[%emt 0:00:05]} Bb7 {[%emt 0:00:10]} 10. Bg5 {[%emt 0:00:09]} Nbd7 {[%emt 0:01:32]} 11. Bxf6 {[%emt 0:00:40]} Nxf6 {[%emt 0:00:12]} 12. Nbd2 {[%emt 0:00:04]} Rc8 {[%emt 0:02:33]} 13. Nb3 {[%emt 0:00:22]} c5 {[%emt 0:04:01]} 14. dxc5 {[%emt 0:00:39]} Ne4 {[%emt 0:00:13]} 15. Rfd1 {[%emt 0:19:50]} Qc7 {[%emt 0:02:33]} 16. c6 {[%emt 0:01:13]} Qxc6 {[%emt 0:00:51]} 17. Qxc6 {[%emt 0:00:29]} Bxc6 {[%emt 0:00:22]} 18. Ne5 {[%emt 0:00:10]} Bd5 {[%emt 0:00:54]} 19. Nd7 {[%emt 0:00:42]} Rfe8 {[%emt 0:00:43]} 20. Nb6 {[%emt 0:11:22]} Rc2 {[%emt 0:01:47]} 21. Nxd5 {[%emt 0:00:39]} exd5 {[%emt 0:00:02]} 22. Rxd5 {[%emt 0:01:26]} Bf6 {[%emt 0:04:24]} 23. Rc1 {[%emt 0:06:53]} Rxc1+ {[%emt 0:11:01]} 24. Nxc1 {[%emt 0:00:10]} Bxb2 {[%emt 0:00:15]} 25. Bxe4 {[%emt 0:01:12]} Bxc1 {[%emt 0:00:09]} 26. Rd7 {[%emt 0:04:56]} Kf8 {[%emt 0:04:15]} 27. Bc6 {[%emt 0:14:37]} Re6 {[%emt 0:10:52]} 28. Rc7 {[%emt 0:01:49]} Bb2 {[%emt 0:05:02]} 29. Bd5 {[%emt 0:15:54]} Rxe2 {[%emt 0:05:33]} 30. Rxf7+ {[%emt 0:01:33]} Ke8 {[%emt 0:00:02]} 31. Ra7 {[%emt 0:13:08]} Bd4 {[%emt 0:08:12]} 32. Bc6+ {[%emt 0:02:58]} Kf8 {[%emt 0:00:13]} 33. Ra8+ {[%emt 0:00:27]} Kf7 {[%emt 0:00:17]} 34. Rxa6 {[%emt 0:00:26]} Rxf2 {[%emt 0:02:44]} 35. Kh1 {[%emt 0:00:48]} b4 {[%emt 0:04:10]} 36. Be4 {[%emt 0:00:34]} h6 {[%emt 0:01:53]} 37. Rc6 {[%emt 0:01:19]} Rb2 {[%emt 0:03:35]} 38. Rd6 {[%emt 0:01:44]} Bc3 {[%emt 0:01:02]} 39. Rc6 {[%emt 0:01:24]} Ke7 {[%emt 0:01:52]} 40. Bd5 {[%emt 0:00:55]} Kd7 {[%emt 0:03:12]} 41. Ra6 {[%emt 0:04:06]} Ke7 {[%emt 0:00:24]} 42. Re6+ {[%emt 0:01:52]} Kd7 {[%emt 0:00:13]} 43. Ra6 {[%emt 0:00:17]} Ke7 {[%emt 0:00:19]} 1/2-1/2

[Event "Haarlemse Meesters 2019"]
[Site "Haarlem"]
[Date "2019.10.24"]
[Round "6.1"]
[White "Moucheroud, Jeremy"]
[Black "De Strycker, Nathan"]
[Result "1/2-1/2"]
[WhiteElo "2294"]
[BlackElo "2302"]
[Annotator "NA RC"]
[PlyCount "29"]
[EventDate "2019.10.19"]
[EventType "tourn"]
[EventCountry "NED"]
[SourceTitle "playchess.com"]
[Source "ChessBase"]
[SourceQuality "1"]
[TimeControl "40/5400+30:1800+30"]

{[%evp 8,27,18,0,20,7,8,14,19,12,11,6,11,32767,32767,32767,17,22,32767,14,13,14]} 1. e4 {[%emt 0:00:00]} e6 {[%emt 0:00:00]} 2. d4 {[%emt 0:00:00]} d5 {[%emt 0:00:00]} 3. Nd2 {[%emt 0:00:00]} Be7 {[%emt 0:00:21]} 4. Ngf3 {[%emt 0:00:00]} Nf6 {[%emt 0:01:06]} 5. e5 {[%emt 0:00:00]} Nfd7 {[%emt 0:00:05]} 6. Bd3 {[%emt 0:00:04]} c5 {[%emt 0:00:04]} 7. c3 {[%emt 0:00:05]} b6 {[%emt 0:00:54]} 8. O-O {[%emt 0:01:11]} Ba6 {[%emt 0:00:29]} 9. Ne1 {[%emt 0:00:07]} Bxd3 {[%emt 0:13:45]} 10. Nxd3 {[%emt 0:00:02]} Nc6 {[%emt 0:04:29]} 11. Qg4 {[%emt 0:02:53]} g6 {[%emt 0:01:47]} 12. Nf3 {[%emt 0:01:23]} h5 {[%emt 0:04:52]} 13. Qg3 {[%emt 0:15:02]} c4 {[%emt 0:02:30]} 14. Nde1 $11 {[%emt 0:07:18]} b5 {[%emt 0:21:25]} 15. Nc2 {[%emt 0:27:07]} 1/2-1/2

[Event "Haarlemse Meesters 2019"]
[Site "Haarlem"]
[Date "2019.10.24"]
[Round "6.2"]
[White "Lopez, Jasel"]
[Black "Peelen, Piet"]
[Result "1-0"]
[WhiteElo "2409"]
[BlackElo "2348"]
[Annotator "NA"]
[PlyCount "155"]
[EventDate "2019.10.19"]
[EventType "tourn"]
[EventCountry "NED"]
[SourceTitle "playchess.com"]
[Source "ChessBase"]
[SourceQuality "1"]
[TimeControl "40/5400+30:1800+30"]

1. d4 {[%emt 0:00:00]} Nf6 {[%emt 0:00:16]} 2. c4 {[%emt 0:00:04]} g6 {[%emt 0:00:10]} 3. Nc3 {[%emt 0:00:31]} Bg7 {[%emt 0:00:06]} 4. Nf3 {[%emt 0:02:25]} d5 {[%emt 0:02:32]} 5. cxd5 {[%emt 0:00:29]} Nxd5 {[%emt 0:00:07]} 6. e4 {[%emt 0:00:06]} Nxc3 {[%emt 0:00:05]} 7. bxc3 {[%emt 0:00:05]} c5 {[%emt 0:00:19]} 8. Be3 {[%emt 0:00:07]} Qa5 {[%emt 0:23:39]} 9. Qd2 {[%emt 0:00:12]} Nc6 {[%emt 0:00:12]} 10. Rc1 {[%emt 0:00:19]} cxd4 {[%emt 0:04:18]} 11. cxd4 {[%emt 0:00:07]} Qxd2+ {[%emt 0:00:21]} 12. Kxd2 {[%emt 0:00:13]} O-O {[%emt 0:00:05]} 13. d5 {[%emt 0:00:56]} Rd8 {[%emt 0:00:56]} 14. Ke1 {[%emt 0:00:30]} Nb4 {[%emt 0:00:14]} 15. Bd2 {[%emt 0:05:47]} Na6 {[%emt 0:00:32]} 16. Bg5 {[%emt 0:07:11]} Kf8 $11 {[%emt 0:08:17]} 17. Bxa6 {[%emt 0:02:44]} bxa6 {[%emt 0:00:03]} 18. Ke2 {[%emt 0:00:14]} h6 {[%emt 0:08:10]} 19. Bf4 {[%emt 0:06:06]} f5 {[%emt 0:11:16]} 20. Bc7 {[%emt 0:00:45]} Rd7 {[%emt 0:01:38]} 21. exf5 {[%emt 0:18:20]} gxf5 {[%emt 0:01:21]} 22. Rhd1 {[%emt 0:02:26]} Bb7 {[%emt 0:00:52]} 23. Nh4 {[%emt 0:06:25]} Rxd5 {[%emt 0:11:19]} 24. Rxd5 {[%emt 0:02:55]} Bxd5 {[%emt 0:00:01]} 25. Nxf5 {[%emt 0:00:25]} Bxa2 {[%emt 0:11:52]} 26. Bf4 {[%emt 0:09:05]} h5 {[%emt 0:09:50]} 27. Rc5 {[%emt 0:06:37]} Bf6 {[%emt 0:00:41]} 28. Ne3 {[%emt 0:00:51]} Bf7 {[%emt 0:01:06]} 29. Ra5 {[%emt 0:01:06]} Be8 {[%emt 0:00:25]} 30. Bh6+ {[%emt 0:03:57]} Kf7 {[%emt 0:01:33]} 31. Rc5 {[%emt 0:05:58]} Bb5+ {[%emt 0:01:13]} 32. Kf3 {[%emt 0:00:46]} Kg6 {[%emt 0:00:11]} 33. Bf4 {[%emt 0:00:17]} Rd8 {[%emt 0:00:45]} 34. h3 {[%emt 0:02:16]} Rd2 {[%emt 0:02:01]} 35. g4 {[%emt 0:02:24]} hxg4+ {[%emt 0:00:16]} 36. hxg4 {[%emt 0:00:12]} Bh4 {[%emt 0:00:45]} 37. Nf5 {[%emt 0:02:49]} Rxf2+ {[%emt 0:00:16]} 38. Ke3 {[%emt 0:00:02]} Re2+ {[%emt 0:00:27]} 39. Kf3 {[%emt 0:00:04]} Rf2+ {[%emt 0:00:46]} 40. Ke3 {[%emt 0:00:03]} Re2+ {[%emt 0:00:27]} 41. Kf3 {[%emt 0:30:06]} Be1 {[%emt 0:09:54]} 42. Be3 {[%emt 0:00:00]} e6 {[%emt 0:13:49]} 43. Nd4 {[%emt 0:00:00]} Rb2 {[%emt 0:02:36]} 44. Nxe6 {[%emt 0:00:00]} Be2+ {[%emt 0:01:34]} 45. Ke4 {[%emt 0:00:00]} Bxg4 {[%emt 0:03:04]} 46. Nf4+ {[%emt 0:00:00]} Kf7 {[%emt 0:02:03]} 47. Nd3 {[%emt 0:00:00]} Rb5 {[%emt 0:00:32]} 48. Rc7+ {[%emt 0:00:00]} Ke6 {[%emt 0:00:14]} 49. Nxe1 {[%emt 0:00:00]} Bf5+ {[%emt 0:00:49]} 50. Kf3 {[%emt 0:00:00]} Rb4 {[%emt 0:00:11]} 51. Rc6+ {[%emt 0:00:00]} Kd5 {[%emt 0:00:01]} 52. Rxa6 {[%emt 0:00:00]} Be4+ {[%emt 0:00:18]} 53. Ke2 {[%emt 0:00:00]} Rb2+ {[%emt 0:00:48]} 54. Bd2 {[%emt 0:00:00]} Rb3 {[%emt 0:00:53]} 55. Rxa7 {[%emt 0:00:00]} Rh3 {[%emt 0:00:49]} 56. Bf4 {[%emt 0:00:00]} Rb3 {[%emt 0:00:29]} 57. Ra5+ {[%emt 0:00:00]} Kc4 {[%emt 0:00:29]} 58. Be5 {[%emt 0:00:00]} Rb5 {[%emt 0:00:02]} 59. Ra4+ {[%emt 0:00:00]} Rb4 {[%emt 0:00:02]} 60. Ra6 {[%emt 0:00:00]} Kd5 {[%emt 0:00:48]} 61. Bc3 {[%emt 0:00:00]} Rb3 {[%emt 0:00:32]} 62. Kd2 {[%emt 0:00:00]} Kc5 {[%emt 0:01:08]} 63. Ra4 {[%emt 0:00:00]} Bc6 {[%emt 0:00:30]} 64. Nd3+ {[%emt 0:00:00]} Kd6 {[%emt 0:00:21]} 65. Rd4+ {[%emt 0:00:00]} Kc7 {[%emt 0:00:31]} 66. Ba5+ {[%emt 0:00:18]} Kb8 {[%emt 0:00:26]} 67. Bb4 {[%emt 0:00:27]} Bb5 {[%emt 0:00:20]} 68. Nc5 {[%emt 0:00:36]} Rh3 {[%emt 0:00:27]} 69. Rd6 {[%emt 0:00:05]} Kc8 {[%emt 0:00:52]} 70. Ba5 {[%emt 0:00:11]} Rh8 {[%emt 0:00:32]} 71. Bb6 {[%emt 0:00:05]} Bc4 {[%emt 0:00:30]} 72. Kc3 {[%emt 0:00:03]} Be2 {[%emt 0:00:26]} 73. Rd7 {[%emt 0:00:40]} Bb5 {[%emt 0:00:34]} 74. Rd6 {[%emt 0:00:19]} Kb8 {[%emt 0:00:21]} 75. Kb4 {[%emt 0:00:17]} Be2 {[%emt 0:00:12]} 76. Rd7 {[%emt 0:00:20]} Re8 {[%emt 0:00:55]} 77. Rc7 {[%emt 0:00:13]} Bf3 {[%emt 0:00:34]} 78. Na6+ {[%emt 0:00:07]} 1-0

[Event "Haarlemse Meesters 2019"]
[Site "Haarlem"]
[Date "2019.10.24"]
[Round "6.3"]
[White "De Ruiter, Danny"]
[Black "Gijswijt, Bart"]
[Result "1/2-1/2"]
[WhiteElo "2268"]
[BlackElo "2387"]
[Annotator "NA RC"]
[PlyCount "57"]
[EventDate "2019.10.19"]
[EventType "tourn"]
[EventCountry "NED"]
[SourceTitle "playchess.com"]
[Source "ChessBase"]
[SourceQuality "1"]
[TimeControl "40/5400+30:1800+30"]

1. d4 {[%emt 0:00:00]} Nf6 {[%emt 0:00:00]} 2. c4 {[%emt 0:00:00]} e6 {[%emt 0:00:00]} 3. Nf3 {[%emt 0:00:07]} Bb4+ {[%emt 0:00:26]} 4. Bd2 {[%emt 0:00:42]} a5 {[%emt 0:00:18]} 5. g3 {[%emt 0:00:58]} O-O {[%emt 0:00:42]} 6. Bg2 {[%emt 0:01:24]} d5 {[%emt 0:00:22]} 7. O-O {[%emt 0:02:54]} dxc4 {[%emt 0:01:25]} 8. Bxb4 {[%emt 0:04:14]} axb4 {[%emt 0:00:09]} 9. Ne5 $1 {[%emt 0:01:37] [#]} Nc6 $1 {[%emt 0:05:49]} 10. Nxc6 {[%emt 0:05:02]} bxc6 {[%emt 0:00:38]} 11. e3 {[%emt 0:02:24]} Nd5 {[%emt 0:07:07]} 12. Qc1 {[%emt 0:07:46]} Ba6 {[%emt 0:04:51]} 13. Rd1 $11 {[%emt 0:00:15]} Bb5 {[%emt 0:18:35]} 14. Bf1 {[%emt 0:05:46]} Nb6 {[%emt 0:03:26]} 15. Nd2 {[%emt 0:02:07]} Qd5 {[%emt 0:01:58]} 16. Bg2 {[%emt 0:01:52]} Qd6 {[%emt 0:03:07]} 17. Bf1 {[%emt 0:02:10]} Qd5 {[%emt 0:01:48]} 18. Bg2 {[%emt 0:00:17]} Qd6 {[%emt 0:00:12]} 19. Bf1 {[%emt 0:00:23]} c3 {[%emt 0:04:16]} 20. bxc3 {[%emt 0:00:52]} Bxf1 {[%emt 0:00:18]} 21. Rxf1 {[%emt 0:05:03]} bxc3 {[%emt 0:00:35]} 22. Qxc3 {[%emt 0:01:41]} Ra3 {[%emt 0:01:42]} 23. Qc2 {[%emt 0:02:07]} Rfa8 {[%emt 0:03:28]} 24. Rfc1 {[%emt 0:04:42]} h6 {[%emt 0:02:27]} 25. Qxc6 {[%emt 0:04:50]} Qxc6 {[%emt 0:02:26]} 26. Rxc6 {[%emt 0:01:31]} Rxa2 {[%emt 0:00:09]} 27. Rxa2 {[%emt 0:00:33]} Rxa2 {[%emt 0:00:09]} 28. Ne4 {[%emt 0:04:29]} Ra7 {[%emt 0:01:24]} 29. Rc2 {[%emt 0:04:19]} 1/2-1/2

[Event "Haarlemse Meesters 2019"]
[Site "Haarlem"]
[Date "2019.10.24"]
[Round "6.4"]
[White "Hainke, Guntram"]
[Black "Welling, Gerard"]
[Result "1/2-1/2"]
[WhiteElo "2365"]
[BlackElo "2302"]
[Annotator "TA"]
[PlyCount "32"]
[EventDate "2019.10.19"]
[EventType "tourn"]
[EventCountry "NED"]
[SourceTitle "playchess.com"]
[Source "ChessBase"]
[SourceQuality "1"]

{[%evp 18,32,29,4,6,0,12,27,30,32,16,0,23,17,18,-55,-54]} 1. d4 e6 2. c4 Nf6 3. Nc3 Bb4 4. e3 b6 5. Nge2 Ne4 6. Qc2 Bb7 7. a3 Bxc3+ 8. Nxc3 Nxc3 9. Qxc3 O-O 10. b3 d6 {E44: Nimzo-Indian: Rubinstein: 4...b6 5 Ne2} 11. Bb2 Qf6 (11... Nd7 12. O-O-O Qe7 13. f3 e5 14. Bd3 Rfe8 15. Bf5 Rad8 16. Bxd7 Rxd7 17. dxe5 dxe5 18. Qxe5 Qxe5 19. Bxe5 Rxd1+ 20. Rxd1 {½-½ (44) Jones,G (2641)-Kryvoruchko,Y (2679) Reykjavik 2012}) 12. Qc2 Nd7 {White has an edge.} 13. f3 Qh6 14. Qd2 c5 $146 ({Predecessor:} 14... f5 15. Bd3 Rae8 16. O-O-O e5 17. Bc2 e4 18. f4 {1-0 (44) Johansson,J (2134)-Karttunen,M (2396) Helsinki 2003}) 15. Bd3 d5 16. O-O ({White should play} 16. cxd5 $11 Bxd5 17. b4) 16... cxd4 $1 1/2-1/2